Katharine of Aragon /

Bibliographic Details
Main Author: Plaidy, Jean, 1906-1993
Format: Book
Language:English
Published: London : Hale, 1968.
Subjects:

MARC

Tag First Indicator Second Indicator Subfields
LEADER 00000cam a22000001a 4500
001 in00000627721
005 20171018104920.0
008 700514s1968 enk b 00011 eng
010 |a  78403100  
015 |a B69-07755 
020 |a 0709105118  |c 35/- 
035 |a (OCoLC)00043523 
035 |9 ACV6963AM 
040 |a DLC  |c DLC  |d m.c.  |d TXA  |d UtOrBLW 
049 |a TXAM  |c [1492740] 
050 0 0 |a PZ3.H5212  |b Kat  |a PR6015.I3 
082 0 |a 823/.9/14 
090 |a PR6015.I3  |b K37 
100 1 |a Plaidy, Jean,  |d 1906-1993. 
245 1 0 |a Katharine of Aragon /  |c Jean Plaidy. 
264 1 |a London :  |b Hale,  |c 1968. 
300 |a 218, 221, 284 pages, 1 unnumbered page ;  |c 21 cm. 
336 |a text  |b txt  |2 rdacontent 
337 |a unmediated  |b n  |2 rdamedia 
338 |a volume  |b nc  |2 rdacarrier 
504 |a Bibliography: page [285]. 
505 0 |a Katharine, the virgin widow--The shadow of the pomegranate--The king's secret matter. 
600 0 0 |a Catherine,  |c of Aragon, Queen, consort of Henry VIII, King of England,  |d 1485-1536  |x Fiction. 
600 0 0 |a Henry  |b VIII,  |c King of England,  |d 1491-1547  |x Fiction. 
999 |a MARS 
999 f f |s 7f597bd7-41dc-3d18-a650-3474e1313370  |i 8188200c-b7ea-3c23-a2e5-7606a2ec57d7  |t 0 
952 f f |p normal  |a Texas A&M University  |b College Station  |c Sterling C. Evans Library  |d Evans: Library Stacks  |t 0  |e PR6015.I3 K37  |h Library of Congress classification  |i unmediated -- volume  |m A14803998330 
998 f f |a PR6015.I3 K37  |t 0  |l Evans: Library Stacks